|
|
|
|
| LEADER |
00000cas a2200000 c 4500 |
| 001 |
130166820 |
| 003 |
DE-627 |
| 005 |
20260207122622.0 |
| 007 |
tu |
| 008 |
931116d19712000gw z| p| 0 |0ger c |
| 015 |
|
|
|a 03,B15,0417
|2 dnb
|
| 016 |
7 |
|
|a 012760552
|2 DE-101
|
| 016 |
7 |
|
|a 519534-2
|2 DE-600
|
| 022 |
|
|
|a 0724-9101
|
| 035 |
|
|
|a (DE-627)130166820
|
| 035 |
|
|
|a (DE-576)015709892
|
| 035 |
|
|
|a (DE-599)ZDB519534-2
|
| 035 |
|
|
|a (OCoLC)643587006
|
| 040 |
|
|
|a DE-627
|b ger
|c DE-627
|e rakwb
|
| 041 |
|
|
|a ger
|
| 044 |
|
|
|c XA-DE
|
| 082 |
0 |
4 |
|a 070
|a 370
|q DE-600
|
| 084 |
|
|
|a 22
|a 01
|a 78
|a 370
|2 sdnb
|
| 084 |
|
|
|a 24,2
|a 1
|2 ssgn
|
| 084 |
|
|
|a 81.80
|2 bkl
|
| 110 |
2 |
|
|a Universität Hamburg
|e VerfasserIn
|0 (DE-588)35534-3
|0 (DE-627)100820204
|0 (DE-576)190340177
|4 aut
|
| 245 |
1 |
0 |
|a Uni-HH-Forschung
|b Wissenschaftsberichte aus d. Universität Hamburg
|
| 246 |
3 |
3 |
|a Wissenschaftsberichte aus der Universität Hamburg
|
| 247 |
1 |
0 |
|a Uni-HH
|f Hauptsacht. teils
|
| 264 |
3 |
1 |
|a Hamburg
|b Pressestelle d. Univ.
|c 1971-2000
|
| 336 |
|
|
|a Text
|b txt
|2 rdacontent
|
| 337 |
|
|
|a ohne Hilfsmittel zu benutzen
|b n
|2 rdamedia
|
| 338 |
|
|
|a Band
|b nc
|2 rdacarrier
|
| 362 |
0 |
|
|a Nr. 1.1971 - 34.2000
|
| 363 |
0 |
0 |
|a 1
|i 1971
|
| 363 |
1 |
0 |
|a 34
|i 2000
|
| 583 |
1 |
|
|a Archivierung/Langzeitarchivierung gewährleistet
|f PEHH
|2 pdager
|5 DE-18
|
| 591 |
|
|
|a (üa/Z)705!(09-07-02)
|
| 610 |
2 |
0 |
|a Universität Hamburg / Fachbereich Physik
|
| 610 |
2 |
0 |
|a Universität Hamburg
|
| 655 |
|
7 |
|a Zeitschrift
|0 (DE-588)4067488-5
|0 (DE-627)10454466X
|0 (DE-576)20917000X
|2 gnd-content
|
| 689 |
0 |
0 |
|d b
|0 (DE-588)35534-3
|0 (DE-627)100820204
|0 (DE-576)190340177
|a Universität Hamburg
|2 gnd
|
| 689 |
0 |
1 |
|d s
|0 (DE-588)4017894-8
|0 (DE-627)106328379
|0 (DE-576)208921524
|a Forschung
|2 gnd
|
| 689 |
0 |
|
|5 DE-101
|
| 689 |
1 |
0 |
|d s
|0 (DE-588)4045956-1
|0 (DE-627)106199900
|0 (DE-576)209067276
|a Physik
|2 gnd
|
| 689 |
1 |
1 |
|d b
|0 (DE-588)35534-3
|0 (DE-627)100820204
|0 (DE-576)190340177
|a Universität Hamburg
|2 gnd
|
| 689 |
1 |
2 |
|a z
|2 gnd
|a Geschichte
|
| 689 |
1 |
|
|5 DE-101
|
| 689 |
2 |
0 |
|d b
|0 (DE-588)5057244-1
|0 (DE-627)104090251
|0 (DE-576)194212777
|a Universität Hamburg
|b Fachbereich Physik
|2 gnd
|
| 689 |
2 |
1 |
|a z
|2 gnd
|a Geschichte
|
| 689 |
2 |
|
|5 DE-101
|
| 689 |
3 |
0 |
|d b
|0 (DE-588)35534-3
|0 (DE-627)100820204
|0 (DE-576)190340177
|a Universität Hamburg
|2 gnd
|
| 689 |
3 |
1 |
|d s
|0 (DE-588)4045956-1
|0 (DE-627)106199900
|0 (DE-576)209067276
|a Physik
|2 gnd
|
| 689 |
3 |
|
|5 DE-101
|
| 751 |
|
|
|a Hamburg
|0 (DE-588)4023118-5
|0 (DE-627)106305433
|0 (DE-576)20894754X
|4 dbp
|
| 889 |
|
|
|w (DE-603)055523862
|
| 935 |
|
|
|a RFBW
|a mteo
|
| 936 |
b |
k |
|a 81.80
|j Hochschulen
|j Fachhochschulen
|0 (DE-627)106422847
|
| 936 |
s |
n |
|a a100
|2 mzub
|
| 936 |
s |
n |
|a d100
|2 mzub
|
| 951 |
|
|
|a JT
|
| ELC |
|
|
|b 1
|
| LOK |
|
|
|0 000 xxxxxcx a22 zn 4500
|
| LOK |
|
|
|0 001 2117744206
|
| LOK |
|
|
|0 003 DE-627
|
| LOK |
|
|
|0 004 130166820
|
| LOK |
|
|
|0 005 20040312000000
|
| LOK |
|
|
|0 008 040312||||||||||||||||ger|||||||
|
| LOK |
|
|
|0 040
|a DE-21-11
|c DE-627
|d DE-21-11
|
| LOK |
|
|
|0 852
|a DE-21-11
|
| LOK |
|
|
|0 852 1
|m p
|9 00
|
| LOK |
|
|
|0 938
|k p
|
| LOK |
|
|
|0 939
|a 12-03-04
|b l01
|
| LOK |
|
|
|0 000 xxxxxcx a22 zn 4500
|
| LOK |
|
|
|0 001 2676422219
|
| LOK |
|
|
|0 003 DE-627
|
| LOK |
|
|
|0 004 130166820
|
| LOK |
|
|
|0 005 20110512124944
|
| LOK |
|
|
|0 008 110512||||||||||||||||ger|||||||
|
| LOK |
|
|
|0 040
|a DE-21-22
|c DE-627
|d DE-21-22
|
| LOK |
|
|
|0 852
|a DE-21-22
|
| LOK |
|
|
|0 852 1
|m p
|9 00
|
| LOK |
|
|
|0 935
|a k022
|
| LOK |
|
|
|0 938
|k p
|
| LOK |
|
|
|0 939
|a 12-05-11
|b l01
|
| LOK |
|
|
|0 000 xxxxxcx a22 zn 4500
|
| LOK |
|
|
|0 001 2688829599
|
| LOK |
|
|
|0 003 DE-627
|
| LOK |
|
|
|0 004 130166820
|
| LOK |
|
|
|0 005 20110905083302
|
| LOK |
|
|
|0 008 110905||||||||||||||||ger|||||||
|
| LOK |
|
|
|0 040
|a DE-21-53
|c DE-627
|d DE-21-53
|
| LOK |
|
|
|0 852
|a DE-21-53
|
| LOK |
|
|
|0 852 1
|m p
|9 00
|
| LOK |
|
|
|0 935
|a k053
|a i053
|
| LOK |
|
|
|0 938
|k p
|
| LOK |
|
|
|0 939
|a 05-09-11
|b l01
|
| LOK |
|
|
|0 000 xxxxxcx a22 zn 4500
|
| LOK |
|
|
|0 001 3000406182
|
| LOK |
|
|
|0 003 DE-627
|
| LOK |
|
|
|0 004 130166820
|
| LOK |
|
|
|0 005 20180223101829
|
| LOK |
|
|
|0 008 180223||||||||||||||||ger|||||||
|
| LOK |
|
|
|0 040
|a DE-21-99
|c DE-627
|d DE-21-99
|
| LOK |
|
|
|0 852
|a DE-21-99
|
| LOK |
|
|
|0 852 1
|m p
|9 00
|
| LOK |
|
|
|0 935
|a i099
|
| LOK |
|
|
|0 938
|k p
|
| LOK |
|
|
|0 939
|a 23-02-18
|b l01
|
| ORI |
|
|
|a SA-MARC-krimdokb001.raw
|
| SPR |
|
|
|a 1
|t KRI
|
| TIM |
|
|
|a 100019450101_100020261231
|b 1945 - 2026
|